Wease-isms - Statistics

General Stats
  • This quiz has been taken 3 times
  • The average score is 7 of 11
Answer Stats
Hint Answer % Correct
"Oi, my aching ____!" back
100%
(regarding classic/hack comedy bits) "Ya know '____'? I invented that." arms
67%
"Billy! Are all the ______ pressed?!" Buttons
67%
Have a ball with __________ cholesterol
67%
If you lose your lover, ____ _______ find another
67%
"... just flew in from Los Anjel-eeze, with a couple of _____" keys
67%
"He weighs a buck and a half, make you ______" Laugh
67%
It's nice to be important, but it's ____ _________ __ __ ____ more important to be nice
67%
___ _____ are sitting on a piece of poop... Two flies
67%
(Old school, before the internet:) "Billy, get the ____!" Book
33%
If you get the boot, _________ substitute
33%
No matching quizzes found
Score Distribution
Percent of People with Each Score
Percentile by Number Answered
Your Score History
You have not taken this quiz